000 00564nam a22001697a 4500
003 UA-OsUOA
001 14225
007 ta
008 20030727b un ||||| |||| 00| 0 ukr d
942 _cSA
040 _aUA-OsUOA
_cUA-OsUOA
_dUA-OsUOA
245 _aПідсумок звітної кампанії: [Про підсумки сьомої сесії райради Сарнен. р-ну]
300 _aС.1
955 _a0
773 0 _w0
_tСарненські новини
_dСарни
_d2003
_g№40/ 22квіт./
650 7 _aКраєзнавча робота
_2UDC
999 _c300386
_d300386